| 000 | 00785nas a2200265 4500 | ||
|---|---|---|---|
| 001 | BR8902660 | ||
| 003 | BR-BrBNA | ||
| 005 | 20231205091552.0 | ||
| 007 | ta | ||
| 008 | 230509b bl.|||p| |||| 00| 00por d | ||
| 040 |
_aBR-BrBNA _bpor _cBiblioteca Nacional de Agricultura |
||
| 041 | _a(Pt) | ||
| 072 | _aE12 | ||
| 100 | 1 | _aAmaral, V.L.B. | |
| 100 | 1 | _aAmaral, C.M. | |
| 100 | 1 | _aBarros, G.S.C. | |
| 245 | 1 | _aFormacao e alocacao de profissionais de nivel superior na agricultura | |
| 650 | _aOCUPACAO | ||
| 650 | _aRECURSO HUMANO | ||
| 650 | _aAGRICULTURA | ||
| 650 | _aEDUCACAO AGRICOLA | ||
| 773 | 0 |
_tRevista de Economia Rural (Brazil) _xISSN 0100-4905 _g(Jan-Mar 1984), v. 22(1) p. 71-96 _wBR8902660 |
|
| 909 |
_a202311 _bLúcia _c55 _dLúcia Elande |
||
| 942 |
_2AGRIS _n0 _cANA |
||
| 999 |
_c125923 _d125923 |
||